Introduction to Robotics: Mechanics and Control / (Record no. 615713)

000 -LEADER
fixed length control field 00404nam a22001457a 4500
020 ## - INTERNATIONAL STANDARD BOOK NUMBER
Qualifying information PB.
040 ## - CATALOGING SOURCE
Transcribing agency FIZZA ISHAQ
082 ## - DEWEY DECIMAL CLASSIFICATION NUMBER
Classification number 629.892
Author Mark CRA
100 ## - MAIN ENTRY--PERSONAL NAME
Personal name Craig ,John J.
9 (RLIN) 59165
245 ## - TITLE STATEMENT
Title Introduction to Robotics: Mechanics and Control /
Statement of responsibility, etc. John J. Craig.
250 ## - EDITION STATEMENT
Edition statement 3RD ED.
260 ## - PUBLICATION, DISTRIBUTION, ETC.
Place of publication, distribution, etc. NEW DILHI:
Name of publisher, distributor, etc. ‎ Pearson,
Date of publication, distribution, etc. 2009.
300 ## - PHYSICAL DESCRIPTION
Extent 400 P. ;
Dimensions ‎ 7.2 x 1.1 x 9.4 inches
942 ## - ADDED ENTRY ELEMENTS (KOHA)
Source of classification or shelving scheme
Koha item type Book
Holdings
Withdrawn status Lost status Source of classification or shelving scheme Damaged status Not for loan Permanent Location Current Location Date acquired Total Checkouts Full call number Barcode Date last seen Price effective from Koha item type
          NUST Baluchistan Campus (NBC) NUST Baluchistan Campus (NBC) 12/30/2025   629.892 CRA Q-3177 12/30/2025 12/30/2025 Book
© 2023 Central Library, National University of Sciences and Technology. All Rights Reserved.